Leader xxxxxxxxxx
001 __ PCLIS00041978
005 __ 20220225095855.0
010 0_ |a978-986-185-131-0|b平裝|dNT$260
020 __ |atw|b96023534
050 __ |a001891083
100 __ |a20080410d2008 m y0chiy09 e
101 0_ |achi
102 __ |atw
105 __ |ay z 000ay
200 1_ |a玲子|fD51著
205 __ |a初版
210 __ |a臺北市|c高寶國際出版|c希代多媒體發行|d2008.01[民97]
215 0_ |a272面|d21公分
225 2_ |a推文學|dPush|v1
260 1_ |a2008
300 __ |a\"作者號取自題名"由t038抄錄,實際編為D999; 由t561改回首尾五筆法取"五一"
410 _0 |12001 |a推文學|v1
681 __ |a857.7|b842
681 __ |a857.7|bD999 97
681 __ |a857.7|b834|v2007年版
700 _0 |aD51|c(中國文學)
801 _0 |atw|b國圖|c20080602|gCCR
801 _1 |atw|b內湖高中|c20100322|gCCR
801 _2 |atw|b內湖高中|c20220225|gCCR
|